| 000 | 00919nas a2200253 i 4500 | ||
|---|---|---|---|
| 001 | 189467 | ||
| 003 | ES-MaACL | ||
| 005 | 20250901205530.0 | ||
| 008 | 190604d19621969sp ar m | |spa d | ||
| 022 | _a2479-5100 | ||
| 080 | _a338.45(460.21) | ||
| 245 | 0 | 0 |
_aMemoria descriptiva del desarrollo comercial e industrial de la provincia de Logroño / _cCámara Oficial de Comercio e Industria de Logroño. |
| 260 |
_aLogroño [La Rioja] : _bCámara Oficial de Comercio e Industria de Logroño, _c[1962-1969] |
||
| 300 |
_a2 v. ; _c27 cm. |
||
| 310 | _aAnual | ||
| 650 | 4 |
_aIndustria- _zLa Rioja (Comunidad Autónoma) _9167221 |
|
| 655 | 7 |
_2tgfbne _9226866 _aRevistas |
|
| 710 | 2 |
_aCámara Oficial de Comercio e Industria de Logroño _92380 |
|
| 852 | 4 |
_aES-MaACL _jL-32375-76 |
|
| 866 | 0 | _o1962-1963, 1968-1969. | |
| 942 |
_2udc _cPERIODICA |
||
| 999 |
_c189467 _d189467 |
||